| 000 | 00867cab a2200277 4500 | ||
|---|---|---|---|
| 001 | ABS58987 | ||
| 008 | 090401t1998 xxu||||| |||| 00| 0 eng d | ||
| 035 | _a(Sirsi) u87411 | ||
| 041 | _aeng | ||
| 100 | _aBrewer, G. | ||
| 245 | 2 | _aA very important letter | |
| 260 | _c1998 | ||
| 350 | _a0 | ||
| 490 |
_aContract Journal _v394(6182) 1 July 1998, 17(1) |
||
| 520 | _aConsiders the use of letters of intent and discusses relevant court decisions. | ||
| 650 | _aBINDING CONTRACTS | ||
| 650 | _aBRITISH STEEL V CLEVELAND BRIDGE | ||
| 650 | _aCOMMON LAW | ||
| 650 | _aLETTERS OF INTENT | ||
| 650 | _aMIDLAND VENEERS LTD V UNILOCK HCP LTD | ||
| 650 | _aMITSUI BABCOCK ENERGY LTD V JOHN BROWN ENGINEERING LTD | ||
| 650 | _aVHE CONSTRUCTION V ALFRED MCALPINE | ||
| 690 | _aBUILT ENVIRONMENT-BUILDING CONTRACT FORMS | ||
| 942 | _n0 | ||
| 948 | _c15/07/1998 | ||
| 999 |
_c55122 _d55122 |
||